|
|
|
|
| LEADER |
00000nam a22000007a 4500 |
| 005 |
20131129131215.0 |
| 007 |
cr|||| ||| |
| 008 |
131129s2013 sp |||||s|||| 00||0 spa d |
| 020 |
|
|
|a 978-84-9031-684-9
|
| 035 |
|
|
|a 11675
|
| 040 |
|
|
|a vLex
|
| 090 |
|
|
|c 4612
|d 4612
|
| 100 |
1 |
|
|a Ruiz Rodrg̕uez, Ignacio
|
| 245 |
1 |
3 |
|a La formacin̤ de las fronteras estadounidenses en la amřica espaǫla
|h [Recurso electrn̤ico] /
|c Ignacio Ruiz Rodrg̕uez
|
| 256 |
|
|
|a Servicio en ln̕ea
|
| 260 |
|
|
|a Madrid :
|b Dykinson,
|c 2013
|
| 300 |
|
|
|a 1 recurso electrn̤ico
|
| 650 |
0 |
4 |
|a Estados Unidos de Amřica
|x Fronteras
|
| 740 |
0 |
|
|a vLex Libros (Servicio en ln̕ea)
|
| 856 |
4 |
0 |
|u http://vlex.com/source/formacion-fronteras-estadounidenses-america-espa-ola-11675
|z Acceso restringido
|
| 942 |
|
|
|c BOOK
|
| 999 |
0 |
|
|a United States -- Boundaries
|